000 00483nam a2200181Ia 4500
001 17153
005 20260306170404.0
008 260306t1997||||xx |||||||||||||| ||und||
041 _aESP
082 _a657.48
_bC36
100 _aCataldo Pizarro, Juan
_eAUT
245 0 _aGestión del presupuesto ABC:
_bsu integración con la calidad y las normas ISO-9000
260 _c1997
300 _a218 páginas :
_c23 cm.
650 _aGEN
654 _aCCO
942 _cLIB
_dJUS
_fJUS
_2ddc
_n
999 _c17153
_d17153